000 00875nam a2200289Ia 4500
003 OSt
005 20220926021021.0
006 a|||||r|||| 00| 0
007 ta
008 220923b |||||||| |||| 00| 0 eng d
020 _a079145519X
037 _cGeneral Book
040 _aRTL
_cRTL
_beng
041 _2eng
_aeng
082 _aY73(Q6).2.N9, P2
100 _aDempsey Corinne G
_914378
245 0 _aPopular christianity in India
_bRiting between the lines
260 _aNew York
_bState University of New Press
_c2002
300 _axix, 284p
_ccm.
490 _aSuny Series in Hindu Studies
500 _aBibliography chapterwise
650 _a Christians
_9230776
650 _aEthnology
_935130
700 _a Raj Selva J
_9230860
942 _hY73(Q6).2.N9, P2
_cGB
_2CC
999 _c635500
_d635500